000 00501nam a22001697a 4500
005 20251108173723.0
008 250721s2006 xx 000 0 ara d
082 1 4 _a812.009/قشو
100 1 _aقشوة، سمير
_eمؤلف
245 1 0 _aمسرح الطفل الحديث /
264 1 _aدمشق :
_bدار الفرقد للطباعة والنشر والتوزيع،
_c2006.
300 _a190 ص.
650 1 7 _aالمسرح
650 1 7 _aالاطفال
942 _2ddc
_cBK
999 _c110792
_d110792